000 00455nam a22001697a 4500
003 CEME
005 20210628210422.0
008 210208b xxu||||| |||| 00| 0 eng d
040 _c.
082 _a297.7 ABD
100 _aAbdul Rauf Sukharvi, Mufti Mufti Abdul Rauf Sukharvi
_979316
245 _aMajaalis mufti azam
260 _aKARACHI
_bIDARA UL MUAARAF
_c1999
300 _a640P
650 _aISLAM-MALFOOZAT MUFTI AZAM
_979317
942 _cBK
_2ddc
999 _c584364
_d584364